• 首页
  • 本馆介绍
  • 公告通知
  • 最新文献
  • 馆藏检索
  • 电子资源
  • 读者导购
  • 参考咨询
  • 我的图书馆
  • 登录
  • 详细信息显示
  • 放入我的书架
  • 预约/预借图书
  • 作者相关作品
  • 分类相关作品
  • 丛书相关作品
  • 出版社相关作品

书目信息

  • 表格格式
  • 工作单格式
  • 卡片格式
题名:
岭南文化论粹
    
 
作者: 田若虹 著
分册:  
出版信息: 北京   光明日报出版社  2013
页数: 256页
开本: 24cm
丛书名:
单 册:
中图分类: K296.5
科图分类:
主题词: 文化史--Wen Hua Shi--研究--广东
电子资源:
ISBN: 978-7-5112-5002-5
000 00904nam0 22002531 450
001 350257
005 20161010153232.35
010    @a978-7-5112-5002-5@dCNY48.00
100    @a20140304d2013 em y0chiy50 ea
101 0  @achi
102    @aCN@b110000
105    @ay z 000yy
106    @ar
200 1  @a岭南文化论粹@ALing Nan Wen Hua Lun Cui@dAbout south of the five ridges's outstanding cultural topics@f田若虹著@zeng
210    @a北京@c光明日报出版社@d2013
215    @a256页@d24cm
300    @a五邑大学专著出版基金资助
330    @a本书包括民俗、宗教、思想、文学艺术及其流派的研究,乃至与之同源共生的湘粤巫文化等也有所介绍。
510 1  @aAbout south of the five ridges's outstanding cultural topics@zeng
606 0  @a文化史@AWen Hua Shi@x研究@y广东
690    @aK296.5@v5
701  0 @a田若虹@ATian Ruo Hong@c(女)@4著
801  0 @aCN@bTANGWEI@c20160803
905    @b0889120-4@dK296.5@e213@f5
    
    岭南文化论粹=About south of the five ridges's outstanding cultural topics/田若虹著.-北京:光明日报出版社,2013
    256页;24cm
    五邑大学专著出版基金资助
    
    ISBN 978-7-5112-5002-5:CNY48.00
    本书包括民俗、宗教、思想、文学艺术及其流派的研究,乃至与之同源共生的湘粤巫文化等也有所介绍。
●
相关链接 在E读中查询图书 在五车中查询图书 在当当中查询图书 在豆瓣中查询图书


正题名:岭南文化论粹     索取号:K296.5/213         预约/预借

序号 登录号 条形码 馆藏地/架位号 状态 备注
1 0889120   208891207   第二样本阅览室/ [索取号:K296.5/213] 在馆    
2 0889121   208891216   第二借阅区/ [索取号:K296.5/213] 在馆    
3 0889122   208891225   第二借阅区/ [索取号:K296.5/213] 在馆    
4 0889123   208891234   第二借阅区/ [索取号:K296.5/213] 在馆    
5 0889124   208891243   密集书库-史法系/ [索取号:K296.5/213] 在馆    
唐山师范学院图书馆 欢迎您!
大连网信软件有限公司© 版权所有